| 000 | 00532nam a22001697a 4500 | ||
|---|---|---|---|
| 005 | 20231025074747.0 | ||
| 008 | 231025b |||||||| |||| 00| 0 eng d | ||
| 020 | _a9780702171093 ; 0702171093 | ||
| 041 | _aEnglish | ||
| 082 | _a347.1 HOF | ||
| 100 |
_aHofmeyer G _lEnglish |
||
| 245 |
_aAdmiralty Jurisdiction Law and Practice in South Africa _cG Hofmeyer |
||
| 260 |
_aCape Town : _bJuta and Co, Ltd, _c2006 |
||
| 300 |
_bxliii, 374 pages ; _c26 cm. |
||
| 650 |
_aLegal practice _bLaw |
||
| 942 |
_cBK _6ALISON_BN_VRIES |
||
| 999 |
_c41 _d41 |
||